[Event "Istanbul op-A 12th"]
[Site "Istanbul"]
[Date "2013.10.12"]
[Round "1"]
[White "Tufekcioglu, Cem"]
[Black "Haj Bakkor, Mohamed"]
[Result "0-1"]
[WhiteElo "1769"]
[BlackElo "2197"]
[PlyCount "92"]
[EventDate "2013.10.12"]
[EventType "swiss"]
[EventRounds "9"]
[EventCountry "TUR"]
[SourceTitle "EXT 2014"]
[Source "ChessBase"]
[SourceDate "2013.11.20"]
[SourceVersion "1"]
[SourceVersionDate "2013.11.20"]
[SourceQuality "1"]

1. e4 c5 2. c3 d6 3. d4 Nf6 4. Bd3 Nc6 5. Nf3 e5 6. Be3 Ng4 7. 0-0 Be7 8. h3 Nxe3 9. fxe3 0-0 10. Nbd2 Bf6 11. d5 Ne7 12. a4 Bd7 13. Bb5 Bc8 14. a5 g6 15. Nc4 Bg7 16. b4 cxb4 17. cxb4 Bh6 18. Qb3 Kh8 19. Rad1 Ng8 20. Nfd2 f5 21. Rf3 Nf6 22. Rdf1 Nxe4 23. Nxe4 fxe4 24. Rxf8+ Bxf8 25. Qc2 Be7 26. Qxe4 Bf5 27. Rxf5 gxf5 28. Qxf5 Rc8 29. Nd2 Qf8 30. Bd3 Qxf5 31. Bxf5 Rc3 32. Kf2 Ra3 33. Bc8 Ra4 34. Bxb7 Rxb4 35. a6 e4 36. Kg3 Bg5 37. Kf2 Kg7 38. Ke2 Kf6 39. Kf2 Ke5 40. Ke2 Bd8 41. g4 Ra4 42. Nf1 Ra2+ 43. Kd1 Bg5 44. Nd2 Bxe3 45. Nc4+ Kd4 46. Nxd6 Kd3 0-1